00507nam a22001577a 450000500170000002000180001708200210003510000220005624501210007826000290019930000150022849000420024365000280028570000190031370000170033220251013110634.0 a9781032089447 a658562Su HEY/R aHeydari, Mohammad aRisk management in supply chains:busing linear and non linear models/cMohammad Heydari, Kin Keung Lai, Zhou Xiaohu aOxon:bRoutledge,c2020. axiv, 250p. aRoutledge Advances in risk management aSupply chain management aKeung Lai, Kin aXiaohu, Zhou